00496pam a22001694a 4500020001500000040000800015082002600023100002100049245008000070300005000150650002500200650002800225650001800253650001500271650002200286700001800308 a1565491327 cDLC aFAO ROM 2011 C146 Or.1 aHelmore, Kristin10aSustainable livelihoods : Beekeeping bbuilding on the wealth of the poor / axiv, 128 pages :billustrations, map ;c23 cm 0aEconomic development 0aSustainable development 0aHuman capital 0aRural poor 0aRural development1 aSingh, Naresh